95 bandas internacionais - Statistics

Estatísticas Gerais
  • Esse quiz foi jogado 452 vezes
    450 desde o último reset
  • A pontuação média é 25 de 95
Estatísticas das Respostas
Letra Inicial Banda % Correto
T The Beatles
82%
Q Queen
77%
N Nirvana
73%
A AC/DC
72%
M Metallica
71%
G Guns N' Roses
69%
R Rolling Stones
69%
A Aerosmith
61%
U U2
61%
I Iron Maiden
55%
P Pink Floyd
54%
R Red Hot Chili Peppers
54%
B Black Sabbath
51%
L Led Zeppelin
51%
L Linkin Park
50%
B Bon Jovi
48%
F Foo Fighters
48%
G Green Day
48%
C Coldplay
46%
K Kiss
45%
O Oasis
44%
S Slipknot
41%
P Pearl Jam
39%
S Scorpions
39%
A ABBA
37%
R Ramones
37%
T The Doors
36%
B Blink-182
34%
T The Who
34%
A Arctic Monkeys
32%
O One Direction
31%
S System of a Down
31%
E Evanescence
30%
V Van Halen
30%
B Backstreet Boys
29%
I Imagine Dragons
29%
T The Cure
29%
T The Police
29%
M Maroon 5
28%
C Creed
27%
R Radiohead
27%
T The Smiths
26%
S Sex Pistols
25%
K Korn
24%
P Paramore
24%
T The Clash
22%
M Motörhead
21%
T The Killers
21%
Q Queens of the Stone Age
20%
# 30 Seconds to Mars
19%
P Panic! at the Disco
19%
T The Jackson Five
19%
T The Strokes
19%
A Avenged Sevenfold
18%
B Bee Gees
18%
D Dire Straits
18%
M Muse
18%
N Nickelback
18%
S Spice Girls
18%
G Gorillaz
17%
N 'N Sync
17%
M My Chemical Romance
16%
S Simple Plan
16%
B Black Eyed Peas
15%
J Journey
15%
O OneRepublic
15%
F Fall Out Boy
14%
F Fifth Harmony
13%
G Genesis
12%
T The Smashing Pumpkins
12%
G Goo Goo Dolls
11%
L Little Mix
11%
D Duran Duran
10%
# 3 Doors Down
9%
# 5 Seconds of Summer
9%
J Jonas Brothers
9%
P Pussycat Dolls
9%
D Destiny's Child
8%
S Supertramp
7%
P Pixies
6%
S Snow Patrol
6%
T The Wanted
6%
F Florence + the Machine
5%
N Nine Inch Nails
5%
B Bastille
4%
G Good Charlotte
4%
S Simply Red
4%
T Tokio Hotel
4%
M Mumford & Sons
3%
T The Runaways
3%
A All Time Low
2%
M McFly
2%
C Cheap Trick
1%
L Lady Antebellum
0%
P Passenger
0%
Nenhum quiz correspondente encontrado
Distribuição das Pontuações
Porcentagem de Pessoas com Cada Pontuação
Percentil de Números Respondidos
Sua Pontuação Histórica
Você não jogou esse quiz desde o último reset